000 00825cam a22002771 4500
999 _c18093
_d18093
001 8453888
003 BDDh-ASL
005 20231015025700.0
008 770822s1966 paub b 001 0 eng
010 _a 64024507
015 _aGB67-5265
035 _a(OCoLC)3208300
040 _aDLC
_cTCU
_dBDDh-ASL
042 _apremarc
050 0 0 _aHD9019.I3
_bK5 1966
082 _a954.03
_bKLB
100 1 _aKling, Blair B.
245 1 4 _aThe blue mutiny:
_bthe indigo disturbances in Bengal, 1859-1862/
_cby Blair B. Kling.
260 _aPhiladelphia:
_bUniversity of Pennsylvania Press,
_c[1966].
300 _a235 p.:
_bmap;
_c22 cm.
504 _aBibliography: p. [225]-233.
650 0 _aIndigo.
651 0 _aIndia
_xHistory
_y19th century.
906 _a7
_bcbc
_coclcrpl
_du
_encip
_f19
_gy-gencatlg
942 _2ddc
_cBK